Elements of mechanics of materials (Record no. 6596)

000 -LEADER
fixed length control field 00580nam a22002051 4500
001 - CONTROL NUMBER
control field 6129579
003 - CONTROL NUMBER IDENTIFIER
control field BD-DhUET
008 - FIXED-LENGTH DATA ELEMENTS--GENERAL INFORMATION
fixed length control field 730221s1966 njua b 000 0 eng
040 ## - CATALOGING SOURCE
Original cataloging agency DLC
Transcribing agency ODaWU
Modifying agency OCoLC
-- Uk
-- BD-DhUET
050 00 - LIBRARY OF CONGRESS CALL NUMBER
Classification number TA405
Item number .O37 1966
082 ## - DEWEY DECIMAL CLASSIFICATION NUMBER
Classification number 620.11
Item number OLS/1966
100 1# - MAIN ENTRY--PERSONAL NAME
Personal name Olsen, Gerner A.
245 10 - TITLE STATEMENT
Title Elements of mechanics of materials
Statement of responsibility, etc. by Gerner A. Olsen
250 ## - EDITION STATEMENT
Edition statement 2d ed.
260 ## - PUBLICATION, DISTRIBUTION, ETC. (IMPRINT)
Place of publication, distribution, etc. New Jersey
Name of publisher, distributor, etc. Prentice-Hall
Date of publication, distribution, etc. 1966
300 ## - PHYSICAL DESCRIPTION
Extent xxii, 591 p.
Other physical details illus.
Dimensions 24 cm.
504 ## - BIBLIOGRAPHY, ETC. NOTE
Bibliography, etc includes bibliographics
650 #0 - SUBJECT ADDED ENTRY--TOPICAL TERM
Topical term or geographic name as entry element Strength of materials
942 ## - ADDED ENTRY ELEMENTS (KOHA)
Koha item type General Book
Holdings
Lost status Koha item type Price effective from Koha full call number Piece designation (barcode) Koha issues (times borrowed) Copy number Not for loan Koha date last seen Location (home branch) Source of classification or shelving scheme Withdrawn status Koha date last borrowed Koha normalized classification for sorting Sublocation or collection (holding branch) Date acquired Damaged status Shelving location
 Contented Book 2014-12-04620.11 /OLS/196629221 28 2014-12-04Central Library, BUET   620_110000000000000_OLS_1966Central Library, BUET2014-12-04 Circulation section
 Contented Book 2014-12-04620.11 /OLS/196629216123 2018-12-04Central Library, BUET  2018-11-20620_110000000000000_OLS_1966Central Library, BUET2014-12-04 Circulation section
 Contented Book 2014-12-04620.11/OLS/196629206113 2022-10-01Central Library, BUET  2022-08-29620_110000000000000_OLS_1966Central Library, BUET2014-12-04 Circulation section
 Contented Book 2014-12-04620.11/OLS/196619846 4 2014-12-04Central Library, BUET   620_110000000000000_OLS_1966Central Library, BUET2014-12-04 Circulation section
 Contented Book 2014-12-04620.11/OLS/19665240611 2022-07-23Central Library, BUET  2022-06-20620_110000000000000_OLS_1966Central Library, BUET2014-12-04 Circulation section
 Reading Item2015-06-16620.11/OLS/196613917 6 2015-06-16Central Library, BUET   620_110000000000000_OLS_1966Central Library, BUET2015-06-16 Reading section
 Reading Item2015-06-29620.11/OLS/196629227 8 2015-06-29Central Library, BUET   620_110000000000000_OLS_1966Central Library, BUET2015-06-29 Reading section